| 000 | 00736nam a2200181Ia 4500 | ||
|---|---|---|---|
| 008 | 151202s9999||||xx |||||||||||||| ||und|| | ||
| 082 | _bPNVM-41057 | ||
| 100 | _aहिरण्यप्पा जी.एस. | ||
| 245 | _aनॉस्ट्राडेमसची भविष्यवाणी. | ||
| 260 | _b"रघुवंशी प्रकाशन,पुणे." | ||
| 260 | _c1995 | ||
| 300 | _a105 | ||
| 600 | _aहिरण्यप्पा जी.एस. | ||
| 630 | _aनॉस्ट्राडेमसची भविष्यवाणी. | ||
| 700 | _aहिरण्यप्पा जी.एस. | ||
| 730 | _aनॉस्ट्राडेमसची भविष्यवाणी. | ||
| 942 | _cBOOK | ||
| 999 |
_c1307009 _d1307006 |
||